Production and Operations Mgt. (Record no. 3489)

MARC details
000 -LEADER
fixed length control field 00382nam a22001697a 4500
005 - DATE AND TIME OF LATEST TRANSACTION
control field 20160622105628.0
008 - FIXED-LENGTH DATA ELEMENTS--GENERAL INFORMATION
fixed length control field 160622b xxu||||| |||| 00| 0 eng d
020 ## - INTERNATIONAL STANDARD BOOK NUMBER
ISBN 978-0-07-015328-8
041 ## - LANGUAGE CODE
Language code of text/sound track or separate title eng
082 ## - DEWEY DECIMAL CLASSIFICATION NUMBER
Item number 8920
100 ## - MAIN ENTRY--AUTHOR NAME
Personal name Saxena, J.P.
245 ## - TITLE STATEMENT
Title Production and Operations Mgt.
260 ## - PUBLICATION, DISTRIBUTION, ETC. (IMPRINT)
Name of publisher TMH
300 ## - PHYSICAL DESCRIPTION
Number of Pages 572
650 ## - SUBJECT ADDED ENTRY--TOPICAL TERM
Topical Term Management
942 ## - ADDED ENTRY ELEMENTS (KOHA)
Koha item type Books
Holdings
Lost status Damaged status Collection code Home library Current library Shelving location Date acquired Full call number Accession Number Koha item type
    MANAGEMENT JRU Library JRU Library SHELF- 68 F 22/06/2016 8920 8920 Books
    MANAGEMENT JRU Library JRU Library SHELF- 68 F 22/06/2016 8920 8921 Books
    MANAGEMENT JRU Library JRU Library SHELF- 68 F 22/06/2016 8920 8922 Books
    MANAGEMENT JRU Library JRU Library SHELF- 68 F 22/06/2016 8920 8923 Books
    MANAGEMENT JRU Library JRU Library SHELF- 68 F 22/06/2016 8920 8924 Books